[Event "4NCL Division 2a"]
[Site "Birmingham, ENG ENG"]
[Date "2016.02.13"]
[Round "5.241"]
[White "Hoffmann, Hendrik"]
[Black "Bremner, Adam"]
[Result "1-0"]
[WhiteElo "2268"]
[BlackElo "2202"]
[PlyCount "37"]
[EventDate "2016.02.13"]
[WhiteTeam "Celtic Tigers 1"]
[BlackTeam "Grantham Sharks 2"]

1. e4 c5 2. Nf3 Nc6 3. c3 d5 4. exd5 Qxd5 5. d4 e6 6. a3 Nf6 7. Be3 cxd4 8.
cxd4 Be7 9. Nc3 Qd6 10. Bd3 O-O 11. O-O b6 12. Qe2 Bb7 13. Rad1 Rad8 14. Rfe1
Qb8 15. Bb1 Rfe8 16. Ng5 g6 17. Ba2 h6 18. Nxf7 Kxf7 19. Bxh6 1-0

[Event "4NCL Division 2a"]
[Site "Birmingham, ENG ENG"]
[Date "2016.02.13"]
[Round "5.242"]
[White "Cumbers, Paul"]
[Black "Maciol, Ryszard"]
[Result "1/2-1/2"]
[WhiteElo "2188"]
[BlackElo "2170"]
[PlyCount "131"]
[EventDate "2016.02.13"]
[WhiteTeam "Grantham Sharks 2"]
[BlackTeam "Celtic Tigers 1"]

1. d4 Nf6 2. c4 e6 3. Nc3 Bb4 4. f3 d5 5. a3 Bxc3+ 6. bxc3 c5 7. cxd5 exd5 8.
e3 O-O 9. Bd3 Nc6 10. Ne2 Re8 11. O-O Bd7 12. Ng3 Na5 13. Ra2 Qc7 14. Re2 Rac8
15. Nf5 c4 16. Bb1 Nb3 17. g4 g6 18. Nh6+ Kg7 19. e4 Nxc1 20. Qxc1 Ng8 21. Nxg8
Kxg8 22. Qg5 Qd6 23. Qc1 b5 24. Rg2 f6 25. exd5 Qxd5 26. Qf4 Qf7 27. Be4 a5 28.
Rb1 Qe7 29. h4 Kg7 30. h5 g5 31. Qc1 Kh8 32. Qc2 Rb8 33. Kh2 Qd6+ 34. Kh3 Re7
35. Qb2 Qf4 36. Qc2 Rbe8 37. Rg3 Qd6 38. Qc1 Rb8 39. Rg2 Bc6 40. Qc2 Bd5 41.
Bxd5 Qxd5 42. Qf5 Qxf5 43. gxf5 Re3 44. Kg3 Rxc3 45. Rgb2 Rxa3 46. Rxb5 Rxb5
47. Rxb5 h6 48. Rc5 c3 49. d5 c2 50. Rxc2 Rd3 51. Rc5 a4 52. Ra5 a3 53. d6 Rxd6
54. Rxa3 Rd5 55. Ra8+ Kg7 56. Ra7+ Kf8 57. Rh7 Rxf5 58. Rxh6 Kg7 59. Rg6+ Kf7
60. Rh6 Rf4 61. Rh7+ Kg8 62. Rh6 Kg7 63. Rg6+ Kf7 64. Rh6 Rh4 65. Rh7+ Kg8 66.
Rh6 1/2-1/2

[Event "4NCL Division 2a"]
[Site "Birmingham, ENG ENG"]
[Date "2016.02.13"]
[Round "5.243"]
[White "Kemp, Peter D"]
[Black "Varnam, Liam D"]
[Result "0-1"]
[WhiteElo "2158"]
[BlackElo "2138"]
[PlyCount "72"]
[EventDate "2016.02.13"]
[WhiteTeam "Celtic Tigers 1"]
[BlackTeam "Grantham Sharks 2"]

1. d4 Nf6 2. c4 c5 3. d5 b5 4. cxb5 a6 5. f3 axb5 6. e4 Qa5+ 7. Bd2 b4 8. Na3
d6 9. Nc4 Qd8 10. a3 e6 11. dxe6 Bxe6 12. axb4 Rxa1 13. Qxa1 d5 14. exd5 Nxd5
15. b5 Nb4 16. Ne3 Bd6 17. Qb1 Qh4+ 18. Ke2 O-O 19. Qe4 Qe7 20. Kf2 Nd7 21. Nf5
Bxf5 22. Qxf5 Qh4+ 23. g3 Qd4+ 24. Be3 Qxb2+ 25. Be2 Ne5 26. Kg2 Nd5 27. Bf2
Nc3 28. Bf1 Ra8 29. Nh3 Nd1 30. Qe4 Ra2 31. Qe1 Nxf2 32. Nxf2 c4 33. f4 Nd3 34.
Bxd3 cxd3 35. Qe8+ Bf8 36. Rf1 g6 0-1

[Event "4NCL Division 2a"]
[Site "Birmingham, ENG ENG"]
[Date "2016.02.13"]
[Round "5.244"]
[White "Birtwistle, Nigel"]
[Black "Pedersen, Carsten"]
[Result "1/2-1/2"]
[WhiteElo "2122"]
[BlackElo "2148"]
[PlyCount "47"]
[EventDate "2016.02.13"]
[WhiteTeam "Grantham Sharks 2"]
[BlackTeam "Celtic Tigers 1"]

1. Nf3 Nf6 2. g3 Nc6 3. d4 e6 4. Bg2 d5 5. O-O a6 6. c4 dxc4 7. a4 Rb8 8. a5
Be7 9. Qa4 Bd7 10. Qxc4 Nb4 11. Nc3 O-O 12. Bg5 Nbd5 13. Rfe1 h6 14. Bxf6 Nxf6
15. e4 Ne8 16. Rad1 Nd6 17. Qe2 Bb5 18. Nxb5 Nxb5 19. Qc4 Qd6 20. b3 Qb4 21.
Ra1 Rbd8 22. Ra4 Qxc4 23. Rxc4 c6 24. Bf1 1/2-1/2

[Event "4NCL Division 2a"]
[Site "Birmingham, ENG ENG"]
[Date "2016.02.13"]
[Round "5.245"]
[White "Niccoli, Tony"]
[Black "Milson, Samuel A"]
[Result "1-0"]
[WhiteElo "2200"]
[BlackElo "2102"]
[PlyCount "117"]
[EventDate "2016.02.13"]
[WhiteTeam "Celtic Tigers 1"]
[BlackTeam "Grantham Sharks 2"]

1. e4 e5 2. Nf3 Nc6 3. Bc4 Bc5 4. c3 Nf6 5. d4 exd4 6. cxd4 Bb4+ 7. Bd2 Bxd2+
8. Nbxd2 d5 9. exd5 Nxd5 10. O-O O-O 11. Rc1 Bg4 12. h3 Bh5 13. Bxd5 Qxd5 14.
Qa4 Qd6 15. Rc5 Bxf3 16. Nxf3 Rad8 17. Rfc1 Nxd4 18. Nxd4 Qxd4 19. Qxd4 Rxd4
20. Rb5 b6 21. Rxc7 Ra4 22. a3 g6 23. Rd5 Rf4 24. Rxa7 Rc8 25. Rad7 Rc1+ 26.
Rd1 Rc2 27. R1d2 Rc1+ 28. Kh2 Rc5 29. R7d6 Rb5 30. b4 Rff5 31. Kg1 h5 32. Kf1
Kf8 33. Rc6 g5 34. Rd4 Rbe5 35. Rxb6 Re3 36. Ra6 Rb3 37. Rd2 g4 38. hxg4 hxg4
39. Ke2 Re5+ 40. Kd1 g3 41. fxg3 Ree3 42. g4 Rxa3 43. Rxa3 Rxa3 44. Kc2 Ke7 45.
Rd3 Ra2+ 46. Kc3 Rxg2 47. Rd4 Ke6 48. b5 Rh2 49. b6 Rh8 50. Kc4 Ke5 51. Rd5+
Ke6 52. Rc5 Kd6 53. Kb5 Ra8 54. Rc6+ Kd7 55. Rc7+ Kd6 56. Rxf7 Ra1 57. Rf4 Ra2
58. Rd4+ Ke5 59. Rc4 1-0

[Event "4NCL Division 2a"]
[Site "Birmingham, ENG ENG"]
[Date "2016.02.13"]
[Round "5.246"]
[White "Kafka, Graeme"]
[Black "Quinn, John M"]
[Result "0-1"]
[WhiteElo "2066"]
[BlackElo "2125"]
[PlyCount "100"]
[EventDate "2016.02.13"]
[WhiteTeam "Grantham Sharks 2"]
[BlackTeam "Celtic Tigers 1"]

1. e4 c5 2. Nf3 e6 3. d4 cxd4 4. Nxd4 Nc6 5. Nc3 Qc7 6. Be3 a6 7. Qd2 Nf6 8.
O-O-O Bb4 9. f3 Ne5 10. Nb3 b5 11. Qe1 Be7 12. Kb1 Bb7 13. Qg3 Rc8 14. Bd4 d6
15. Rc1 O-O 16. a3 Nc4 17. Bxc4 bxc4 18. Nd2 e5 19. Be3 d5 20. Bh6 Nh5 21. Qg4
d4 22. Nd5 Bxd5 23. exd5 c3 24. Qxh5 gxh6 25. d6 Qxd6 26. Ne4 Qb6 27. b3 f5 28.
Nf2 Bxa3 29. Rce1 Qa5 30. Qxh6 Rce8 31. Nd3 e4 32. Qg5+ Kh8 33. fxe4 Bb2 34.
Nxb2 cxb2 35. Kxb2 Qc3+ 36. Kb1 fxe4 37. Rhf1 d3 38. Rxf8+ Rxf8 39. Qe3 Qxc2+
40. Ka1 Qc3+ 41. Ka2 Rb8 42. Rb1 Qa5+ 43. Kb2 Qe5+ 44. Ka2 Qa5+ 45. Kb2 Qa4 46.
Kc1 Rc8+ 47. Kd1 Qb4 48. Qd2 Qd4 49. Qb2 Qxb2 50. Rxb2 e3 0-1

[Event "4NCL Division 2a"]
[Site "Birmingham, ENG ENG"]
[Date "2016.02.13"]
[Round "5.247"]
[White "Stevenson, James"]
[Black "Batchelor, Guy J"]
[Result "1/2-1/2"]
[WhiteElo "2069"]
[BlackElo "1982"]
[PlyCount "108"]
[EventDate "2016.02.13"]
[WhiteTeam "Celtic Tigers 1"]
[BlackTeam "Grantham Sharks 2"]

1. e4 e5 2. Nc3 Nc6 3. Bc4 Nf6 4. d3 Na5 5. Bb3 Nxb3 6. axb3 Be7 7. f4 d6 8.
Nf3 exf4 9. Bxf4 O-O 10. O-O c6 11. Qd2 d5 12. exd5 Nxd5 13. Nxd5 Qxd5 14. Rae1
Bd6 15. Bxd6 Qxd6 16. Ne5 Be6 17. Qf4 Rad8 18. Nc4 Qxf4 19. Rxf4 Bxc4 20. Rxc4
Rd7 21. Kf2 f6 22. Rce4 Kf7 23. R1e3 Rc8 24. b4 Rcc7 25. Re8 c5 26. bxc5 Rxc5
27. c3 a5 28. Rh8 h6 29. d4 Rb5 30. Re2 Re7 31. Rd2 Rf5+ 32. Kg3 Re3+ 33. Kg4
g6 34. g3 h5+ 35. Kh3 Re7 36. Rh7+ Ke8 37. Rxe7+ Kxe7 38. Kg2 b5 39. h3 Rd5 40.
Kf3 Rf5+ 41. Ke4 Kd6 42. g4 hxg4 43. hxg4 Rf1 44. Rh2 f5+ 45. gxf5 gxf5+ 46.
Kd3 Kd5 47. Re2 Rf3+ 48. Kc2 a4 49. Re5+ Kc6 50. Rc5+ Kb6 51. Rc8 Kb7 52. Rc5
Kb6 53. Rc8 Kb7 54. Rc5 Kb6 1/2-1/2

[Event "4NCL Division 2a"]
[Site "Birmingham, ENG ENG"]
[Date "2016.02.13"]
[Round "5.248"]
[White "Milson, Amy F"]
[Black "Herring, Samuel"]
[Result "0-1"]
[WhiteElo "1757"]
[BlackElo "2035"]
[PlyCount "86"]
[EventDate "2016.02.13"]
[WhiteTeam "Grantham Sharks 2"]
[BlackTeam "Celtic Tigers 1"]

1. e4 e6 2. d4 d5 3. e5 c5 4. c3 Nc6 5. Nf3 Bd7 6. a3 c4 7. Nbd2 Na5 8. b3 cxb3
9. Nxb3 Ba4 10. Nfd2 Rc8 11. Qc2 Qc7 12. Qb2 Nxb3 13. Nxb3 Qxc3+ 14. Qxc3 Rxc3
15. Nd2 Ne7 16. Be2 Rc7 17. O-O Nc6 18. Nf3 Be7 19. Rb1 O-O 20. Bb2 b5 21. Bc1
a6 22. Bd1 Bxd1 23. Rxd1 Na5 24. Rd3 Rfc8 25. Bb2 Nc4 26. h3 Nxb2 27. Rxb2 Rc1+
28. Kh2 R1c2 29. Rbb3 Rxf2 30. Kg3 Rfc2 31. Nd2 Bd8 32. Nb1 Ba5 33. Re3 Rc1 34.
Re2 Rd1 35. Ree3 Rxd4 36. Nc3 Bxc3 37. Rbxc3 Rdc4 38. Rb3 d4 39. Red3 Rc3 40.
Kf4 Rxb3 41. Rxb3 Rc3 42. Rxc3 dxc3 43. Ke3 a5 0-1